Obálka Náhled e-knihy:
PDF Epub
Pro půjčování e-knih musíte být přihlášeni.
Jak si půjčit online?

Dokonalá korisť /

Uprostred hudobného festivalu niekto ostrou čepeľou rozpára brucho charitatívnemu pracovníkovi. V mnohotisícovom dave hudobných fanúšikov si vraha nikto nevšimne. Onedlho nájdu na dne smetnej nádoby učiteľku materskej školy zaškrtenú jej vlastným šálom. Polícia nevie nájsť stopy vedúce k páchateľovi...

Celý popis

Uloženo v:
Série:Inspektor Luc Callanach (SK), část 2
Hlavní autor: Fieldsová, Helen (Autor)
Médium: E-kniha
Jazyk:Czech
Vydáno: Praha : Albatros Media Slovakia s.r.o., 2023
Příbuzné jednotky:Z cyklu:: Inspektor Luc Callanach (SK)
Tagy:
Žádné tagy
LEADER 01578nam a22002417i 4500
001 312381
007 ta
008 260601s2023 xr ||||| |||| 00| 0 cze d
020 |a 9788056636510 
044 |a xr 
100 1 |a  Fieldsová, Helen  |4 aut 
245 1 0 |a Dokonalá korisť /  |c  Fieldsová, Helen 
240 1 0 |a Perfect Prey 
264 1 |a Praha :  |b Albatros Media Slovakia s.r.o.,  |c 2023 
300 |a 1 online zdroj (468 stran) 
336 |a text  |b txt  |2 rdacontent 
337 |a bez média  |b n  |2 rdamedia 
338 |a online zdroj  |b cr  |2 rdacarrier 
520 2 |a Uprostred hudobného festivalu niekto ostrou čepeľou rozpára brucho charitatívnemu pracovníkovi. V mnohotisícovom dave hudobných fanúšikov si vraha nikto nevšimne. Onedlho nájdu na dne smetnej nádoby učiteľku materskej školy zaškrtenú jej vlastným šálom. Polícia nevie nájsť stopy vedúce k páchateľovi, až kým sa nezačnú po meste objavovať podozrivé graffity. Vrah nimi oznamuje ďalšiu obeť. Čím nevinnejšia bude korisť, tým pre šialeného vraha lepšie... 
787 0 8 |g 2  |i Z cyklu:  |t Inspektor Luc Callanach (SK) 
910 |a RBIT002 
998 |d 404776  |a https://core.palmknihy.cz/api/books/404776/cover?sdaosk  |b https://core.palmknihy.cz/api/books/404776/cover/400?sdaosk  |c https://core.palmknihy.cz/api/books/404776/cover/50?sdaosk  |e 2028-03-10  |g 468  |i 9788056636510  |j https://core.palmknihy.cz/api/books/404776/preview.epub  |k https://core.palmknihy.cz/api/books/404776/preview.pdf  |l   |q 49  |r 1  |s https://www.palmknihy.cz/kniha/404776  |t ebook  |y 2023  |z 1  |v Inspektor Luc Callanach (SK)  |w 2 
999 |d 312379